| 000 | 00560nam a22001817a 4500 | ||
|---|---|---|---|
| 999 |
_c17403 _d17403 |
||
| 003 | AR-CdUCM | ||
| 008 | 190508b ||||| |||| 00| 0 spa d | ||
| 040 |
_aMUNICIPALIDAD PROVINCIAL DEL CUSCO _cBIBLIOTECA MUNICIPAL DEL CUSCO |
||
| 082 |
_a848.35 / _bR28 |
||
| 100 |
_aRabelais, Francisco. _937398 |
||
| 245 | _aGargantúa y Pantacruel / | ||
| 260 |
_aBarcelona : _bMateu, _c1966. |
||
| 300 |
_a175 páginas ; _c18 cm. |
||
| 505 | _aContenido :Gargantúa y Pantacruel ... | ||
| 650 |
_aLiteratura. _943971 |
||
| 942 |
_2ddc _cLIBROS |
||
| 945 |
_arum _d2019-05-08 |
||